A professional's guide to fema : (Record no. 104716)

MARC details
000 -LEADER
fixed length control field 00691nam a22002057a 4500
005 - DATE AND TIME OF LATEST TRANSACTION
control field 20161123110700.0
010 ## - LCCN (DPL NO)
LC control number ENG-116618
020 ## - INTERNATIONAL STANDARD BOOK NUMBER
International Standard Book Number 9789351436911
Terms of availability 1295.00
035 ## - SYSTEM CONTROL NUMBER
System control number EN-100150
037 ## - SOURCE OF ACQUISITION
Source of stock number/acquisition DBAD/PUB
082 ## - DEWEY DECIMAL CLASSIFICATION NUMBER
Classification number 343.540325
100 ## - MAIN ENTRY--PERSONAL NAME
Personal name Pahwa,Manoj
245 ## - TITLE STATEMENT
Title A professional's guide to fema :
Remainder of title practice and proedure in Q and A formate /
Statement of responsibility, etc by Manoj Pahwa [and] Navisha Singhal
260 ## - PUBLICATION, DISTRIBUTION, ETC. (IMPRINT)
Place of publication, distribution, etc Gurgaon
Name of publisher, distributor, etc LexisNexis
Date of publication, distribution, etc 2016
270 ## - ADDRESS
Address 14th Floor, Building No.10, Tower-B, DLF Cyber City, Phase-II
City Gurgaon
Postal code 122002
300 ## - PHYSICAL DESCRIPTION
Extent xxix,811p.
Dimensions 22cm(pbk)
500 ## - GENERAL NOTE
General note Includes index
700 ## - ADDED ENTRY--PERSONAL NAME
Personal name Singhal, Navisha
942 ## - ADDED ENTRY ELEMENTS (KOHA)
Source of classification or shelving scheme Dewey Decimal Classification
Item type English Books
Call number suffix PAH
Classification part 343.540325
Holdings
Withdrawn status Lost status Not for loan Collection code Home library Current library Date acquired Source of acquisition Cost, normal purchase price Full call number Barcode Copy number Cost, replacement price Koha item type
      Non-fiction Patel Nagar Patel Nagar 23/11/2016 DBAD/PUB 1295.00 343.540325 PAH EN-100150 1 1295.00 English Books

© Delhi Public Library
Hit Counter
free hit counter